Agrárny marketing II. marketing rastlinných a živočíšnych komodít

Na minha lista:
Detalhes bibliográficos
Autor principal: Šimo, Dušan
Autor Corporativo: Ekonomická univerzita v Bratislave. Obchodná fakulta
Outros Autores: Daňo, Ferdinand, 1959-, Szabo, Ľuboslav, Stehlo, Pavol
Formato: Livro
Idioma:eslovaco
Publicado em: Bratislava Vydavateľstvo EKONÓM 2008
Edição:1. vyd.
Assuntos:
Tags: Adicionar Tag
Sem tags, seja o primeiro a adicionar uma tag!

MARC

LEADER 00000nam a2200000 4500
001 0182995
005 20240314092840.8
020 |a 978-80-225-2529-9 
041 0 |a slo 
044 |a SK 
245 1 0 |a Agrárny marketing II.  |b marketing rastlinných a živočíšnych komodít  |c Dušan Šimo ; recenzenti: Ferdinand Daňo, Ľuboslav Szabo, Pavol Stehlo 
250 |a 1. vyd. 
264 1 |a Bratislava  |b Vydavateľstvo EKONÓM  |c 2008 
300 |a 170 s. 
610 2 0 |a poľnohospodárstvo 
610 2 0 |a marketing 
610 2 0 |a komodity 
610 2 0 |a rastliny priemyselné 
610 2 0 |a zvieratá 
610 2 0 |a politika poľnohospodárska 
610 2 0 |a trh poľnohospodársky 
610 2 0 |a obilniny 
610 2 0 |a oleje rastlinné 
610 2 0 |a repa cukrová 
610 2 0 |a zemiaky 
610 2 0 |a ovocie 
610 2 0 |a zelenina 
610 2 0 |a hrozno 
610 2 0 |a mlieko 
610 2 0 |a mäso 
610 2 0 |a výroba živočíšna 
610 2 0 |a svet 
610 2 0 |a Slovensko 
610 2 0 |a Európska únia 
100 1 |a Šimo, Dušan 
700 1 |a Daňo, Ferdinand, 1959- 
700 1 |a Szabo, Ľuboslav 
700 1 |a Stehlo, Pavol 
710 2 |a Ekonomická univerzita v Bratislave. Obchodná fakulta